| 000 | 01680cad a22002415a 4500 | ||
|---|---|---|---|
| 001 | L144281 | ||
| 008 | 080708s2008 xxkado f s 000 0 eng d | ||
| 035 | _a(Sirsi) u144281 | ||
| 041 | 0 | _aeng | |
| 050 | 0 | 4 | _a332.6324 $2 18 |
| 110 | 2 |
_aLambert Smith Hampton _92865 |
|
| 245 | 0 | 0 |
_aNational office report 2008 _h[electronic resource] |
| 260 |
_a[S.l.] _bLambert Smith Hampton _c2008 |
||
| 490 | 0 |
_aLambert Smith Hampton National Office Report _v2008 |
|
| 505 | 2 | _aEconomic outlook -- National office market outlook -- Recruitment and labour trends -- Market summaries: Birmingham; Bristol; Cambridge; Cardiff; Chelmsford; Edinburgh; Fareham; Glasgow; Guildford; Leeds; Leicester; Luton; Maidenhead; Manchester; Milton Keynes; Newcastle upon Tyne; Newport; Northampton; Nottingham; Oxford; Peterborough; Reading; St Albans; Sheffield; Slough; Southampton; Swansea; Watford; West End | |
| 520 | _aFirst edition of this report covers the current performance of the sector and where the authors see it heading in the medium term. The sector looks more vulnerable than it has since 2001-2002, with falling occupier-demand affecting availability and leading to a possible oversupply in the medium term. The authors believe that any problem of oversupply will be far less acute than that experienced in the 1990s and that the market will come out of the current slow phase of the property cycle during 2010. | ||
| 521 | _aAdvanced | ||
| 590 | _aKA | ||
| 651 | 4 |
_aUnited Kingdom _y |
|
| 690 | _aPROPERTY-COMMERCIAL PROPERTY-COMMERCIAL PROPERTY MARKET | ||
| 856 | 4 | 0 |
_uhttps://www.lsh.co.uk _zView the report free of charge (requires registration) at www.lsh.co.uk... |
| 942 | _n0 | ||
| 999 |
_c108438 _d108438 |
||